[Event "Stay Safe Play From Home 150"]
[Site "T#646043Emanuel Laske"]
[Date "2020.05.14"]
[Round "5"]
[White "Position"]
[Black "Chesstiger9"]
[Result "1-0"]
[WhiteElo "2085"]
[BlackElo "2043"]
[Annotator "TA"]
[PlyCount "111"]
[EventDate "2020.05.14"]
[EventType "swiss (blitz)"]

{[%evp 16,111,0,0,24,-23,37,-8,-27,-62,-63,-48,23,22,16,0,0,-19,-24,-97,-102,-101,-83,-59,-43,-102,-99,-131,-81,-105,-108,-120,-111,-157,-155,-162,-162,-162,-115,-127,-99,-187,-191,-192,-185,-196,-119,-269,-264,-429,-362,-327,-144,-144,-144,-144,-144,-144,-119,-206,-203,-187,-110,-111,-111,-123,-121,-146,609,561,1231,1204,12834,12838,12835,7106,12846,6090,12840,12837,12841,12839,12847,12846,12850,12850,12851,27999,12851,27999,12851,27999,12851,27999,12851,27999,27999,27999]} 1. e4 c5 2. Nf3 e6 3. g3 Nc6 4. d3 g6 5. Bg2 Bg7 6. O-O d6 7. Nbd2 Nge7 8. Re1 O-O 9. c3 {was the old line (9.h4).} h6 {A04: Unusual lines after 1 Nf3 and King's Indian Attack.} 10. Qe2 f5 (10... e5 $11) 11. Nc4 e5 {[#] The position is equal.} 12. Ne3 $146 ({Predecessor:} 12. exf5 gxf5 13. Nh4 d5 14. Nxe5 Nxe5 15. Bxh6 Bxh6 16. Qxe5 Bg5 17. Kh1 Bf6 18. Qf4 {0-1 (61) Kramaley,D (1849)-Willow,J (2271) Nottingham 2018}) 12... f4 $1 {[%cal Rf4e3]} 13. Nd5 {[%cal Rg3f4]} Nxd5 (13... g5 $15) 14. exd5 $11 Nb8 {[%cal Bc6b8,Bb8d7,Bd7f6][%mdl 32]} 15. gxf4 exf4 16. Qe7 g5 17. h3 (17. Nd2 $11 {remains equal.}) 17... Qxe7 $17 18. Rxe7 Nd7 19. d4 cxd4 20. cxd4 ({White should try} 20. Nxd4 $15 Nb6 21. Ne6 {[%mdl 64] Double Attack}) 20... Nf6 21. Nd2 Rf7 22. Rxf7 Kxf7 23. Nc4 Ne8 24. a4 Bxd4 25. Bd2 Bf5 26. Bb4 Rd8 27. Re1 Bd3 28. Bf1 {[#]} (28. b3 $17 {was called for.}) 28... Bxc4 $1 $19 29. Bxc4 Bxb2 30. Re6 Bf6 (30... Be5 $19 {And now ...Nc7 would win.} 31. Rxh6 Rc8) 31. Bb5 (31. Kg2 $17) 31... Nc7 32. Rxd6 $2 (32. Re4) 32... Rxd6 33. Bxd6 Nxd5 {[%mdl 4096] Endgame KBB-KBN} (33... Nxb5 $19 {is more deadly.} 34. axb5 a5 35. bxa6 bxa6) 34. Bc4 $17 Ke6 35. Bb8 {[#]} a6 $1 36. Kg2 Be5 37. Ba7 (37. Kf3 $17 {was worth a try.}) 37... Kd6 $19 38. Kf3 Nc7 (38... Nc3 $19 39. a5 Kc6) 39. Kg4 $17 b5 40. axb5 axb5 41. Bd3 Bd4 $2 {[%mdl 8192]} (41... b4 $17 42. Kh5 Kd5 43. Kxh6 Bf6) 42. Bxd4 $18 Kd5 43. Bg7 Ne6 44. Bxh6 b4 45. Bb1 Kc4 46. Bxg5 (46. Ba2+ $142 b3 47. Bb1) 46... b3 47. Bxf4 Nd4 48. Be5 Ne2 49. h4 Nc3 50. Bxc3 Kxc3 {KB-KP} 51. h5 {White threatens h6 and mate.} b2 52. h6 {White wants to mate with h7.} Kd2 53. h7 Kc1 54. Bf5 b1=Q 55. Bxb1 Kxb1 56. h8=Q {What a bad dream for Black. Accuracy: White = 53%, Black = 45%.} 1-0

[Event "Stay Safe Play From Home 150"]
[Site "T#646043Emanuel Laske"]
[Date "2020.05.14"]
[Round "5"]
[White "Don59as"]
[Black "Little champs"]
[Result "1/2-1/2"]
[WhiteElo "2051"]
[BlackElo "2201"]
[Annotator "TA"]
[PlyCount "170"]
[EventDate "2020.05.14"]
[EventType "swiss (blitz)"]

{[%evp 13,170,17,51,8,29,0,25,35,53,35,53,19,64,24,61,68,106,47,43,0,-2,-119,-104,-94,-108,-210,-190,-165,-139,-158,-51,-55,-42,-127,-90,-279,-237,-237,-238,-327,-253,-241,-117,-147,0,0,13,-322,-310,-329,-79,-137,-108,-547,-528,-503,-419,-788,-786,-746,-760,-743,-640,-936,0,-693,-658,-637,-640,-829,-578,-640,-640,-622,-632,-629,-625,-603,-591,-608,-541,-593,-592,-734,-451,-461,-443,-462,-435,-453,-9,-9,-9,-9,0,-9,-9,-9,-9,-9,-8,-8,-8,-8,-8,-8,-8,-8,-8,-8,-8,-8,-8,-8,0,-8,-8,-8,-8,-8,-8,-8,-8,-8,-8,-8,-8,-8,-8,-8,0,-8,-8,-8,-8,-8,-8,-8,0,-8,0,0,0,0,8,0,8,8,8,8,8,0,0,0,0,0,0,0,0]} 1. c4 e5 2. Nc3 d6 3. g3 Nf6 4. Bg2 Be7 5. e3 O-O 6. Nge2 c6 7. O-O Nbd7 {[#]} 8. h3 $146 {A22: English Opening: 1...e5 2 Nc3 Nf6.} ({Predecessor:} 8. Rb1 a5 9. a3 Nc5 10. b4 axb4 11. axb4 Nd3 12. Qc2 Nxc1 13. Rfxc1 Be6 14. d3 Nd7 15. b5 Qc7 {0-1 (45) Mieles Palau,D (2364)-Miroshnik,E (2139) chess.com INT 2020}) 8... Re8 9. b3 Bf8 10. Bb2 {White has an edge.} g6 11. d4 Bg7 12. Ba3 Bf8 13. Qd2 Qa5 14. Bb2 Qd8 15. Rfd1 ({Better is} 15. g4 $16) 15... e4 $14 16. Re1 d5 17. f3 {[#]} (17. cxd5 $11 {keeps the balance.} cxd5 18. g4) 17... exf3 $1 $17 18. Bxf3 {[%cal Rc4d5]} dxc4 19. bxc4 (19. Rad1 $17) 19... Nb6 20. Qd3 Bxh3 21. Nf4 Bf5 (21... Bg4 $17 22. Bxg4 Nxg4) 22. e4 $15 Bg4 23. Bg2 (23. Bxg4 $1 $15 Nxg4 24. Rad1) 23... Bg7 24. d5 $2 (24. c5 $17 Nh5 25. e5 Nxf4 26. gxf4) 24... cxd5 25. cxd5 Rc8 {Strongly threatening ...Nc4.} 26. Nb5 Nc4 ({Much less strong is} 26... Nfxd5 27. Bxg7 Nxf4 28. Qxd8 $19) 27. Bd4 Nh5 (27... a6 $19 28. Na7 Rc7) 28. Nxh5 {[#]} Bxh5 (28... Ne5 $1 $17 {[%cal Re5d3]} 29. Qb3 gxh5 30. Bxa7 h4 31. gxh4 Qxh4) 29. Nxa7 $11 Ne5 30. Qe3 $2 {[%mdl 8192]} (30. Bxe5 $1 $11 Bxe5 31. Nxc8 Bxa1 32. Rxa1) 30... Rc4 {...Nf3+! is the strong threat.} 31. Nb5 Rb4 $2 (31... Ng4 $19 {has better winning chances.} 32. Qd2 Bxd4+ 33. Nxd4 Qb6) 32. a4 (32. Rab1 $142 Ra4 33. Qd2) 32... Ng4 $36 {[%mdl 2048] Black is in control.} 33. Qd3 $2 {[%mdl 8192]} (33. Qc3 $17 Bxd4+ 34. Nxd4) 33... Bxd4+ $19 34. Nxd4 Qb6 35. Rad1 (35. Reb1 $142 Rxd4 36. Rxb6 Rxd3 37. Rxb7) 35... Ne5 36. Qe3 Bxd1 37. Rxd1 Ng4 38. Qd3 Ne5 39. Qe3 Rxa4 40. Kh1 Rc8 41. Qg1 Rcc4 {[%cal Rc4d4]} 42. Nf3 Qxg1+ 43. Kxg1 Nxf3+ 44. Bxf3 {[%mdl 4096] Endgame KRR-KRB} Rd4 45. Rb1 Rab4 46. Rc1 Kg7 47. e5 Rb3 48. Kf2 Rbd3 49. d6 b5 {[%cal Bb7b5,Bb5b4][%mdl 32]} 50. Rc7 b4 51. e6 {aiming for e7.} Rxf3+ $2 (51... Rxd6 $19 52. Rxf7+ Kg8) 52. Kxf3 $11 {The position is equal.} Rxd6 53. Rxf7+ $19 {KR-KR} Kh6 54. Rb7 Rxe6 55. Rxb4 Rf6+ 56. Kg4 Rd6 57. Rb7 Rd4+ 58. Kh3 Ra4 59. Rc7 Ra1 60. Rb7 Rh1+ 61. Kg4 Rh5 62. Rc7 Rg5+ 63. Kh4 Rh5+ 64. Kg4 Rf5 65. Kh3 $1 Rf8 66. g4 Rg8 67. Kh4 {[%csl Gh4][%cal Rg4g5]} g5+ 68. Kg3 Rg6 69. Rc5 Ra6 70. Kf3 Ra3+ 71. Kg2 Ra6 72. Rf5 Rg6 73. Kg3 Kg7 74. Re5 h6 75. Rd5 Kf6 76. Rd7 Rg7 77. Rd6+ Ke5 78. Rxh6 Rf7 79. Rh5 Ra7 80. Rxg5+ Kf6 81. Kh4 (81. Rh5 {is interesting.} Ra1 82. Rb5 Rg1+ 83. Kf4 Rf1+ 84. Ke4) 81... Ra1 {( -> ...Rh1+)} 82. Rh5 Rh1+ 83. Kg3 Rxh5 84. gxh5 Kg5 85. Kh3 Kxh5 {Whites escaped into a draw. Accuracy: White = 56%, Black = 69%.} 1/2-1/2

[Event "Stay Safe Play From Home 150"]
[Site "T#646043Emanuel Laske"]
[Date "2020.05.14"]
[Round "5"]
[White "Sfantul321"]
[Black "Tumnik_ad"]
[Result "1-0"]
[WhiteElo "2030"]
[BlackElo "1876"]
[Annotator "TA"]
[PlyCount "109"]
[EventDate "2020.05.14"]
[EventType "swiss (blitz)"]

{[%evp 9,109,52,93,97,92,91,116,123,142,28,222,133,122,-22,-17,-83,-82,-84,-72,-221,-180,-474,-400,-673,-263,-435,-475,-547,-126,-252,-217,-393,370,373,804,352,352,-44,357,-891,-886,-878,78,85,78,69,81,95,138,84,139,150,175,156,207,192,387,384,465,418,409,336,406,201,445,435,679,690,766,717,912,-204,-201,-414,-414,-453,-467,-612,-514,-459,-516,-1623,-325,-523,-352,-328,-213,-668,-641,-779,-746,-749,4930,4910,6295,77,29981,29983,29983,29984,29998,29999]} 1. c4 c6 2. Nc3 d6 3. e4 Nd7 4. d4 h6 5. f4 g5 6. fxg5 {A11: English Opening: 1...c6.} Bg7 7. Nf3 Nf8 {[#]} 8. h3 $146 {White is better.} ({Predecessor:} 8. Be2 Ne6 9. gxh6 Nxh6 10. O-O Qb6 11. Na4 Qc7 12. d5 Nc5 13. Bf4 Nxe4 14. c5 {0-1 (33) Fuzik,M-Tyshkevych,D chess.com INT 2018}) 8... Qa5 9. Bd3 (9. gxh6 $16 Nxh6 10. Be2) 9... Ne6 $2 (9... hxg5 $1 $11 {and Black stays safe.} 10. Bxg5 Bxd4) 10. gxh6 (10. g6 $1 $18) 10... Nxh6 11. Be3 (11. Bc2 $16) 11... Ng4 $1 $11 {[%cal Rg4e3]} 12. Qd2 (12. Bg1 $11 {remains equal.}) 12... Nxe3 $17 13. Qxe3 Bd7 $1 14. O-O (14. a3 $17) 14... O-O-O {[%mdl 1024] Black has strong compensation.} 15. a3 $2 (15. e5 {might work better.} Bh6 16. Qe1) 15... Rdg8 {...Bh6 is the strong threat.} 16. b4 (16. Kh1 $142 Nxd4 17. Ng1 (17. Nxd4 $2 Bxd4 18. Qf3 Bg4 $19)) 16... Qc7 $2 (16... Qh5 {White must now prevent ...Bh6.} 17. Kh1 Bh6) 17. Rad1 $2 (17. Ne2 Rxh3 18. Kf2) 17... Bh6 $19 18. Qf2 {intending Kh1.} Bf4 $2 (18... Nf4 $19 {has better winning chances. Strongly threatening ...Nxh3+.} 19. Kh1 Nxg2) 19. Ne2 (19. d5 $17 {only move.} Bg3 20. Qxa7) 19... Rxh3 $1 20. d5 $2 {[#]} (20. Nxf4 Nxf4 21. Ne1) 20... Bg3 $4 {[%mdl 8192]} (20... Rxf3 $1 $19 {[%mdl 512] avoids the disaster.} 21. Qxf3 Ng5) 21. Qxa7 $18 Bf4 $2 (21... Rhh8 22. dxe6 Bxe6 23. Nxg3 Rxg3) 22. Qa8+ (22. dxe6 $142 Be3+ 23. Qxe3 Bxe6 24. e5) 22... Qb8 23. Qxb8+ Kxb8 24. dxe6 $4 {[%mdl 8192]} (24. Kf2 $18 Bg3+ 25. Ke3) 24... Be3+ $19 25. Rf2 Bxe6 $2 {[#]} ({Better is} 25... Rxf3 $1 $19 26. Rdf1 fxe6) 26. Kf1 $1 $16 Rh1+ 27. Neg1 Bxf2 28. Kxf2 Rhh8 29. a4 (29. Ne2 $142) 29... Kc7 (29... Rg4 $142) 30. a5 Rb8 31. b5 c5 (31... Rh1 $16 {was necessary.} 32. Ra1 Rg8) 32. e5 b6 $2 (32... Ra8 {keeps fighting.}) 33. a6 $18 Ra8 34. exd6+ exd6 35. Be4 Rag8 36. Bd5 (36. Ne2 $142) 36... Rg6 $2 (36... Rg4 37. Ne2 Bxd5 38. Rxd5 Rxc4) 37. Ne2 Rhg8 (37... Rg4 $142 38. Nc3 Rhg8) 38. Nf4 Rg4 39. Ke3 Bxd5 40. Rxd5 $4 {[%mdl 8192]} (40. Nxd5+ $18 {was the only winning move.} Kb8 41. Nf6 {[%mdl 64] Double Attack}) 40... Re8+ $19 41. Kf2 $2 (41. Kd3 Rxf4 42. Rg5) 41... Rxf4 {[%mdl 4096] Endgame KRR-KRN} 42. Rg5 Rxc4 43. Kg3 Rc3 44. Rg7 Re7 45. Kg4 {[#]} (45. Kh2 $142) 45... Rd7 $2 (45... f5+ $1 46. Kf4 (46. Kxf5 Rxg7) 46... Rxg7) 46. Ng5 $2 (46. Rg8 Rc2 47. g3) 46... Rc4+ 47. Kf5 Rb4 48. Nxf7 $2 (48. Rg8 Ra4 49. Ra8) 48... Rxb5 49. Ke6 c4 50. Rg3 c3 $4 {[%mdl 8192]} (50... Ra5 $19 51. Rf3 d5) 51. Rxc3+ $18 Rc5 52. Ra3 $2 (52. Rxc5+ $18 bxc5 53. a7 Rxf7 54. a8=Q (54. Kxf7 Kb7 $17)) 52... Re5+ $2 {[%mdl 8192]} (52... Rxf7 $16 53. Kxf7 Rf5+ 54. Ke7 Re5+ 55. Kf6 Ra5) 53. Nxe5 {White mates.} dxe5 54. a7 Kb7 55. a8=Q+ {What a fight! Accuracy: White = 28%, Black = 28%.} 1-0

[Event "Stay Safe Play From Home 150"]
[Site "T#646043Emanuel Laske"]
[Date "2020.05.14"]
[Round "5"]
[White "Lazieri3"]
[Black "Haris kollari 13"]
[Result "1-0"]
[WhiteElo "1973"]
[BlackElo "1958"]
[Annotator "TA"]
[PlyCount "99"]
[EventDate "2020.05.14"]
[EventType "swiss (blitz)"]

{[%evp 9,98,14,28,2,7,7,4,-2,41,36,52,35,62,61,78,67,97,51,51,50,60,81,122,46,73,60,75,73,79,72,107,72,87,54,65,51,92,56,87,33,64,8,13,9,17,0,0,0,0,0,0,0,0,0,0,0,12,0,7,0,321,0,10,0,6,0,254,25,25,0,66,59,57,37,33,25,28,2,29990,324,319,302,316,309,295,287,29994,29995,29995,29996,29999]} 1. e4 e6 2. e5 d5 3. exd6 cxd6 4. d4 d5 5. c3 Nc6 {[#]} 6. Bf4 $146 {C00: French: Unusual White 2nd moves.} ({Predecessor:} 6. Bd3 Nf6 7. Ne2 h6 8. Nd2 Bd6 9. Nb3 O-O 10. O-O Re8 11. f4 Qc7 12. Ng3 {½-½ (42) Raddatz,S-Mersmann,S Lingen 1995}) 6... Bd6 7. Bxd6 Qxd6 8. Nf3 {The position is equal.} Nf6 9. Bd3 Bd7 10. Nbd2 a6 11. O-O b5 12. a3 Rc8 13. h3 O-O 14. Re1 Rfe8 15. Ne5 h6 16. Nxc6 (16. Nb3 $16) 16... Rxc6 17. Nf3 Bc8 18. Ne5 Rc7 19. Qf3 Ree7 20. Re2 Nd7 21. Rae1 (21. Ng4 {keeps more tension.} Nf8 22. Rae1 f6 23. Ne3 Rf7 24. Nc2) 21... Nxe5 22. Rxe5 f6 23. R5e2 Bd7 24. Qh5 (24. Qg4 $16) 24... Be8 $14 25. Bg6 ({White should play} 25. Qg4 $14) 25... Bxg6 26. Qxg6 a5 27. h4 b4 28. axb4 axb4 29. Re3 bxc3 30. bxc3 Rc6 31. h5 Qc7 32. Qg4 Kf7 33. Qg6+ Kf8 34. Qd3 (34. Ra1 {seems wilder.} Re8 35. Qh7 Rc8 36. Rae1 Re8 37. Rb1) 34... Qd6 $2 {[%mdl 8192]} (34... Kg8 $11 {and Black has nothing to worry.}) 35. g3 $2 ({White has to play} 35. Qh7 $18 Ke8 36. Rg3) 35... f5 36. Qb5 Qc7 37. Qb3 Rc4 $2 {[%mdl 8192]} (37... Kg8 $11) 38. Qa3 $2 ({Only move:} 38. Rxe6 $18 Rxe6 39. Rxe6) 38... Kf7 $11 39. Qb3 f4 ({Better is} 39... Kf8 $11) 40. Rf3 $14 Kg8 41. Rxf4 Rxc3 42. Qa4 Rc1 43. Qa8+ Kh7 $2 {[%mdl 8192] [#] Black cannot hold the game after this.} (43... Qc8 $11 44. Qxc8+ Rxc8) 44. Rxc1 $2 (44. Rf8 $1 {[%mdl 512] mates} Qc8 45. Rxc8 Rxc8 46. Qxc8 g6 47. Qf8 Rg7 48. Rxe6 gxh5 {[#]} 49. Qf5+ $1 {[%mdl 576] Double Attack} Kh8 50. Rxh6+ {[%mdl 64] Double Attack} Kg8 51. Qf6 Rxg3+ {[%mdl 64] Remove Defender} 52. fxg3 h4 53. Rh8#) 44... Qxc1+ $18 {[%mdl 4096] Endgame KQR-KQR} 45. Kg2 {Rf8 would kill now.} Qd1 46. Qf8 Ra7 {Hoping for ...Ra1.} 47. Qe8 {Intending Rf8 and mate.} Qe2 $2 (47... Ra1 $18 48. Qg6+ Kg8 49. Qxe6+ Kh7 50. Qg6+ Kg8 51. Qe8+ Kh7) 48. Rf8 {[%csl Ge8][%cal Rf8h8] White mates.} Qe4+ 49. Kh2 {[%csl Ge8][%cal Rf8h8]} Qg4 50. Rh8# {Accuracy: White = 62%, Black = 60%.} 1-0

[Event "Stay Safe Play From Home 150"]
[Site "T#646043Emanuel Laske"]
[Date "2020.05.14"]
[Round "5"]
[White "MartinKestler"]
[Black "Kongle"]
[Result "0-1"]
[WhiteElo "1937"]
[BlackElo "1756"]
[Annotator "TA"]
[PlyCount "82"]
[EventDate "2020.05.14"]
[EventType "swiss (blitz)"]

{[%evp 9,82,28,40,16,40,18,33,20,21,19,32,40,45,35,73,0,0,0,0,0,0,0,79,64,131,155,114,76,102,52,93,56,185,186,175,185,289,287,283,258,251,-122,-123,-127,0,-146,-146,-221,-222,-250,-204,-181,-120,-192,-108,-173,-153,-222,-187,-373,-368,-342,-317,-1685,-1645,-1738,-1718,-1904,-1757,-5561,-4245,-6441,-6387,-29991,-29992]} 1. Nf3 Nc6 2. b3 b6 3. d4 Bb7 4. Bb2 e6 5. Nbd2 Nf6 {[#]} 6. g3 $146 {A04: Unusual lines after 1 Nf3 and King's Indian Attack.} ({Predecessor:} 6. e4 d5 7. e5 Ne4 8. c3 Nxd2 9. Qxd2 Be7 10. Bd3 g6 11. O-O O-O 12. Qh6 {1-0 (46) Brito,M-Nunes,J Almada 2001}) 6... Be7 7. Bg2 d5 8. O-O {White is slightly better.} O-O 9. c4 Rc8 10. a3 a6 11. Rc1 Na5 12. b4 (12. cxd5 $16 exd5 13. b4) 12... Nxc4 $11 13. Nxc4 dxc4 14. Rxc4 Bd5 15. Rc1 Qd7 (15... c5 $11 {remains equal.}) 16. Ne5 $36 {[%mdl 2048] White has some pressure.} Qb5 (16... Qe8 $14) 17. Bxd5 Qxd5 18. e3 b5 19. Qf3 Ne4 20. Rc2 a5 (20... Bd6 $14) 21. bxa5 $18 c5 22. dxc5 Rxc5 (22... f6 $142) 23. Rxc5 Bxc5 24. Rd1 Qb3 {Black wants to play ...Nxf2.} 25. Qxe4 $2 ({Only move:} 25. Nd7 $1 $18 {[%cal Rd7f8]} Re8 26. Qg4) 25... Qxd1+ $17 26. Kg2 Bd6 (26... Qd8 $17 {Threatens to win with ...Qa8.} 27. Qg4 f5) 27. Nf3 (27. Bd4 $11) 27... Qd5 $1 {[%cal Rd5e4]} 28. Qg4 (28. Qxd5 $17 {was called for.} exd5 29. Nd4) 28... f6 $19 29. Kg1 Rf7 30. Nd4 Re7 (30... e5 $19 31. e4 Qc5) 31. a6 {[#]} (31. Qe2 $17) 31... Bb8 (31... Be5 $1 $19 {White must now prevent ...Ra7.} 32. Qe2 Bxd4 33. Bxd4 Rc7) 32. Bc3 (32. Qe2 $17 {was necessary.}) 32... Ba7 33. Bb4 {[#]} (33. h4 $17 {was worth a try.}) 33... Re8 $1 34. Nf3 $2 (34. Ne2) 34... f5 35. Qf4 Bb8 36. Qxb8 $2 (36. Qd4 Qxf3 37. Bc3) 36... Rxb8 37. Nd4 Ra8 38. h4 Rxa6 39. Kh2 g6 40. Kg1 e5 41. Ne2 Qd1+ {[%mdl 64] Double Attack. Accuracy: White = 36%, Black = 47%.} 0-1

[Event "Stay Safe Play From Home 150"]
[Site "T#646043Emanuel Laske"]
[Date "2020.05.14"]
[Round "5"]
[White "Klausen"]
[Black "Lucknow"]
[Result "1-0"]
[WhiteElo "1890"]
[BlackElo "1750"]
[Annotator "NA RC"]
[PlyCount "41"]
[EventDate "2020.05.14"]
[EventType "swiss (blitz)"]

1. Nf3 {[%emt 0:00:02]} g6 {[%emt 0:00:04]} 2. d4 {[%emt 0:00:01]} Bg7 {[%emt 0:00:01]} 3. c4 {[%emt 0:00:01]} Nf6 {[%emt 0:00:01]} 4. Nc3 {[%emt 0:00:01]} d5 {[%emt 0:00:01]} 5. cxd5 {[%emt 0:00:03]} Nxd5 {[%emt 0:00:01]} 6. e4 {[%emt 0:00:01]} Nxc3 {[%emt 0:00:01]} 7. bxc3 {[%emt 0:00:02]} c5 {[%emt 0:00:02]} 8. Be2 {[%emt 0:00:02]} Nc6 {[%emt 0:00:10]} 9. Be3 {[%emt 0:00:02]} cxd4 {[%emt 0:00:03]} 10. cxd4 {[%emt 0:00:01]} O-O {[%emt 0:00:02]} 11. Rb1 {[%emt 0:00:02]} Qa5+ {[%emt 0:00:03]} 12. Qd2 {[%emt 0:00:02]} Qxd2+ {[%emt 0:00:03]} 13. Kxd2 {[%emt 0:00:01]} b6 {[%emt 0:00:02]} 14. Rhd1 {[%emt 0:00:06]} Rd8 {[%emt 0:00:06]} 15. Ke1 {[%emt 0:00:02]} Bg4 {[%emt 0:00:08]} 16. d5 {[%emt 0:00:02]} Na5 {[%emt 0:00:05]} 17. Nd4 {[%emt 0:00:06]} Bxe2 {[%emt 0:00:03]} 18. Kxe2 {[%emt 0:00:01]} Rac8 {[%emt 0:00:02]} 19. Rdc1 {[%emt 0:00:04]} Nc4 {[%emt 0:00:02]} 20. Nc6 {[%emt 0:00:04]} Rd7 {[%emt 0:00:09]} 21. Rxc4 {[%emt 0:00:03] Lucknow gibt auf (Lag: Av=0.41s, max=1.8s)} 1-0

[Event "Stay Safe Play From Home 150"]
[Site "T#646043Emanuel Laske"]
[Date "2020.05.14"]
[Round "5"]
[White "Dukic"]
[Black "Timbre"]
[Result "1-0"]
[WhiteElo "1793"]
[BlackElo "1634"]
[Annotator "NA RC"]
[PlyCount "67"]
[EventDate "2020.05.14"]
[EventType "swiss (blitz)"]

1. d4 {[%emt 0:00:04]} d5 {[%emt 0:00:01]} 2. c4 {[%emt 0:00:00]} c6 {[%emt 0:00:01]} 3. Nc3 {[%emt 0:00:01]} Nf6 {[%emt 0:00:01]} 4. Nf3 {[%emt 0:00:01]} Bf5 {[%emt 0:00:01]} 5. Bf4 {[%emt 0:00:02]} e6 {[%emt 0:00:01]} 6. Qb3 {[%emt 0:00:01]} Qb6 {[%emt 0:00:02]} 7. c5 {[%emt 0:00:02]} Qxb3 {[%emt 0:00:03]} 8. axb3 {[%emt 0:00:02]} Na6 {[%emt 0:00:02]} 9. e3 {[%emt 0:00:10]} Nb4 {[%emt 0:00:02]} 10. Kd2 {[%emt 0:00:04]} a5 {[%emt 0:00:05]} 11. Ne5 {[%emt 0:00:08]} Be7 {[%emt 0:00:02]} 12. f3 {[%emt 0:00:02]} O-O {[%emt 0:00:03]} 13. g4 {[%emt 0:00:01]} Bg6 {[%emt 0:00:02]} 14. h4 {[%emt 0:00:01]} h6 {[%emt 0:00:02]} 15. Be2 {[%emt 0:00:11]} Bh7 {[%emt 0:00:03]} 16. Ra4 {[%emt 0:00:05]} Rfb8 {[%emt 0:00:09]} 17. Rha1 {[%emt 0:00:04]} b6 {[%emt 0:00:06]} 18. cxb6 {[%emt 0:00:04]} Rxb6 {[%emt 0:00:02]} 19. Rxa5 {[%emt 0:00:03]} Rab8 {[%emt 0:00:02]} 20. g5 {[%emt 0:00:05]} hxg5 {[%emt 0:00:02]} 21. hxg5 {[%emt 0:00:01]} Nh5 {[%emt 0:00:02]} 22. Nd7 {[%emt 0:00:01]} Nxf4 {[%emt 0:00:04]} 23. exf4 {[%emt 0:00:03]} c5 {[%emt 0:00:07]} 24. Nxb8 {[%emt 0:00:04]} Rxb8 {[%emt 0:00:02]} 25. Ra8 {[%emt 0:00:02]} Rxa8 {[%emt 0:00:05]} 26. Rxa8+ {[%emt 0:00:01]} Bf8 {[%emt 0:00:02]} 27. dxc5 {[%emt 0:00:01]} g6 {[%emt 0:00:01]} 28. Bb5 {[%emt 0:00:01]} Kg7 {[%emt 0:00:02]} 29. c6 {[%emt 0:00:01]} d4 {[%emt 0:00:04]} 30. Ne4 {[%emt 0:00:02]} e5 {[%emt 0:00:02]} 31. fxe5 {[%emt 0:00:03]} Nd5 {[%emt 0:00:04]} 32. Bc4 {[%emt 0:00:04]} Nf4 {[%emt 0:00:06]} 33. c7 {[%emt 0:00:02]} Ne6 {[%emt 0:00:02]} 34. c8=Q {[%emt 0:00:02] Timbre resigns (Lag: Av=0.43s, max=0.7s)} 1-0

[Event "Stay Safe Play From Home 150"]
[Site "T#646043Emanuel Laske"]
[Date "2020.05.14"]
[Round "5"]
[White "Gibiz144"]
[Black "Ironmike"]
[Result "0-1"]
[WhiteElo "1649"]
[BlackElo "1790"]
[Annotator "NA RC"]
[PlyCount "48"]
[EventDate "2020.05.14"]
[EventType "swiss (blitz)"]

1. d4 {[%emt 0:00:02]} d5 {[%emt 0:00:01]} 2. Bg5 {[%emt 0:00:02]} c6 {[%emt 0:00:03]} 3. Nf3 {[%emt 0:00:01]} h6 {[%emt 0:00:03]} 4. Bh4 {[%emt 0:00:01]} Nf6 {[%emt 0:00:01]} 5. Bxf6 {[%emt 0:00:01]} exf6 {[%emt 0:00:01]} 6. e3 {[%emt 0:00:01]} Bd6 {[%emt 0:00:02]} 7. Bd3 {[%emt 0:00:01]} Bg4 {[%emt 0:00:02]} 8. Nbd2 {[%emt 0:00:02]} Nd7 {[%emt 0:00:02]} 9. c3 {[%emt 0:00:01]} Rc8 {[%emt 0:00:02]} 10. h3 {[%emt 0:00:02]} Be6 {[%emt 0:00:02]} 11. Qb3 {[%emt 0:00:05]} b6 {[%emt 0:00:02]} 12. a4 {[%emt 0:00:03]} Bb8 {[%emt 0:00:01]} 13. Qc2 {[%emt 0:00:13]} c5 {[%emt 0:00:01]} 14. Bf5 {[%emt 0:00:03]} O-O {[%emt 0:00:07]} 15. g4 {[%emt 0:00:03]} cxd4 {[%emt 0:00:02]} 16. Nxd4 {[%emt 0:00:02]} Bxf5 {[%emt 0:00:08]} 17. Nxf5 {[%emt 0:00:04]} Ne5 {[%emt 0:00:03]} 18. O-O {[%emt 0:00:09]} Qd7 {[%emt 0:00:05]} 19. Rad1 {[%emt 0:00:03]} Qc7 {[%emt 0:00:15]} 20. Nd4 {[%emt 0:00:05]} Nc4 {[%emt 0:00:12]} 21. f4 {[%emt 0:00:06]} Nxe3 {[%emt 0:00:02]} 22. Qd3 {[%emt 0:00:03]} Nxd1 {[%emt 0:00:01]} 23. Rxd1 {[%emt 0:00:02]} Qxf4 {[%emt 0:00:01]} 24. Rf1 {[%emt 0:00:03]} Qh2# {[%emt 0:00:08] (Lag: Av=0.46s, max=0.8s)} 0-1

[Event "Stay Safe Play From Home 150"]
[Site "T#646043Emanuel Laske"]
[Date "2020.05.14"]
[Round "5"]
[White "Tunca"]
[Black "Klari64"]
[Result "0-1"]
[WhiteElo "1645"]
[BlackElo "2036"]
[Annotator "TA"]
[PlyCount "42"]
[EventDate "2020.05.14"]
[EventType "swiss (blitz)"]

{[%evp 9,42,5,9,-89,-92,-129,0,-18,83,88,133,130,139,118,256,259,259,261,277,-7,381,372,493,486,479,476,452,297,400,138,178,170,170,155,173]} 1. e4 Nf6 2. Nc3 e5 3. f4 Nc6 4. Nf3 d5 5. fxe5 Nxe4 6. d4 {C29: Vienna Game: 2...Nf6 3 f4.} (6. Bb5 $11 {keeps the balance.}) 6... Bb4 $17 {Hoping for ...Bg4.} 7. Bd2 Bxc3 (7... Bg4 $17 {Threatens to win with ...Nxd4!} 8. Be2 Bxf3 9. Bxf3 Nxd2 10. Qxd2 Qh4+ {[%mdl 64] Double Attack} 11. Qf2 Qxd4 12. Qxd4 Nxd4) 8. bxc3 {[#] The position is equal.} g5 $146 {[#]} (8... O-O $11 {remains equal.}) ({Predecessor:} 8... O-O 9. Bd3 Bf5 10. O-O Bg6 11. Be1 Na5 12. Nh4 Qd7 13. Nxg6 fxg6 14. Rxf8+ Rxf8 {1-0 (31) Britaev,D (1826)-Sidorov,K (2008) Dagomys 2009}) 9. Bd3 $1 $16 {[%cal Rd3e4] Bxe4 is the strong threat.} g4 10. Bxe4 $1 dxe4 11. Ng5 Bf5 (11... f5 $16 {is a better defense.}) 12. O-O $18 Qd7 {With the idea ...h6.} 13. Qe2 O-O-O {[#]} 14. Nxe4 $2 (14. Rxf5 $1 $18 {[%mdl 512]} Qxf5 15. Rf1 (15. Nxe4 h6 $16)) 14... h5 $2 {[%mdl 8192]} (14... Nxd4 $1 $11 15. Qe3 Nc6) 15. Nc5 Nxd4 16. cxd4 Qxd4+ 17. Be3 Qxe5 18. Qf2 Rhe8 19. Bf4 $2 ({Less strong is} 19. Qxf5+ Qxf5 20. Rxf5 Rxe3 $18) (19. Bg5 $18 {is the precise move to win.} Bg6 20. Bxd8 Rxd8 21. Rae1) 19... Qd4 {White is clearly better.} 20. Qxd4 Rxd4 21. Bxc7 Rd5 {[%mdl 32768] Accuracy: White = 43%, Black = 13%. . Loss on time!?} 0-1